[Event "DVM U10 2014"]
[Site "Magdeburg GER"]
[Date "2014.12.27"]
[Round "2"]
[White "Solovej, Philip"]
[Black "Noever, Jonas"]
[Result "1-0"]
[Termination "normal"]
[Board "5.4"]
[WhiteElo "797"]
[BlackElo "1034"]
[WhiteTeam "SK Gründau"]
[BlackTeam "Rheydter Schachverein 1920"]
[PlyCount "151"]
[WhiteFideId "16232186"]
[BlackFideId "16266137"]
[EventCountry "GER"]
[EventRounds "7"]
[EventType "team-swiss"]
[EventDate "2014.12.27"]

1. d4 d5 2. Nc3 Nf6 3. Nf3 Nc6 4. Bf4 Bf5 5. Nb5 Rc8 6. e3 a6 7. Nc3 e6 8. Bd3
Bg4 9. h3 Bh5 10. g4 Bg6 11. Bxg6 hxg6 12. Qd3 Nb4 13. Qe2 Nxg4 14. Ne5 Nf6 15.
a3 Nc6 16. Nxc6 bxc6 17. O-O-O Bd6 18. Bxd6 Qxd6 19. Qxa6 Rb8 20. Qa7 Rd8 21.
Qc5 Qd7 22. f4 Qc8 23. Qxc6+ Nd7 24. Nb5 Qb8 25. Nxc7+ Kf8 26. Qd6+ Kg8 27. Rd3
Qb7 28. Rb3 Qc8 29. Rc3 Qb7 30. Rb3 Qc8 31. Rb4 Nb8 32. Qb6 Nd7 33. Qb7 Qb8 34.
Qxb8 Nxb8 35. Nb5 Nc6 36. Rb3 Na5 37. Rd3 Rc8 38. Na7 Rc7 39. Nb5 Rb7 40. a4
Rb8 41. h4 Ra8 42. b3 f6 43. Nc7 Rc8 44. Nxe6 Kf7 45. Nc5 g5 46. fxg5 fxg5 47.
Rf1+ Kg6 48. hxg5 Kxg5 49. Rg1+ Kf6 50. e4 dxe4 51. Nxe4+ Kf7 52. Nd6+ Ke7 53.
Nxc8+ Rxc8 54. Rxg7+ Kf6 55. Rg1 Kf5 56. Re1 Rg8 57. Rf3+ Kg4 58. Rg1+ Kxf3 59.
Rxg8 Nc6 60. d5 Ne7 61. Rd8 Ke4 62. d6 Nc6 63. Rc8 Kd5 64. Ra8 Kxd6 65. a5 Kc7
66. a6 Nb8 67. b4 Kb6 68. Rxb8+ Kxa6 69. c4 Ka7 70. Rh8 Kb7 71. c5 Ka7 72. b5
Kb7 73. Rh7+ Ka8 74. c6 Kb8 75. b6 Kc8 76. Rh8# 1-0

[Event "DVM U10 2014"]
[Site "Magdeburg GER"]
[Date "2014.12.27"]
[Round "2"]
[White "von Asow, Till"]
[Black "Kamp, Adrian"]
[Result "0-1"]
[Termination "normal"]
[Board "6.1"]
[WhiteElo "1091"]
[BlackElo "1413"]
[WhiteTeam "SpVgg Rommelshausen"]
[BlackTeam "SK Münster 32"]
[PlyCount "108"]
[WhiteFideId "16257162"]
[BlackFideId "16222466"]
[EventCountry "GER"]
[EventRounds "7"]
[EventType "team-swiss"]
[EventDate "2014.12.27"]

1. e4 c5 2. Nf3 d6 3. d4 cxd4 4. Nxd4 Nf6 5. Nc3 g6 6. Be3 Bg7 7. Qd2 Ng4 8.
Bg5 O-O 9. f3 Ne5 10. O-O-O Nbc6 11. Nb3 Be6 12. Bh6 Rc8 13. Be2 Bc4 14. Bxg7
Kxg7 15. g4 a6 16. h4 Na5 17. h5 Bxe2 18. Qxe2 Nac4 19. hxg6 hxg6 20. f4 Nd7
21. Qh2 Rh8 22. Qg2 Ne3 23. Rxh8 Qxh8 24. Rh1 Nxg2 25. Rxh8 Rxh8 26. f5 gxf5
27. gxf5 Nc5 28. Nxc5 dxc5 29. Nd5 e6 30. fxe6 fxe6 31. Nc3 Rh1+ 32. Kd2 b5 33.
b3 Rh2 34. e5 Nf4+ 35. Kc1 Ne2+ 36. Kd2 Nxc3+ 37. Kxc3 Re2 38. a4 Rxe5 39. a5
Rd5 40. b4 cxb4+ 41. Kxb4 e5 42. c4 bxc4 43. Kxc4 Rxa5 44. Kb4 e4 45. Kc3 Rd5
46. Kc4 e3 47. Kxd5 e2 48. Kc5 e1=Q 49. Kb6 Qb4+ 50. Kxa6 Kf7 51. Ka7 Ke7 52.
Ka6 Kd7 53. Ka7 Kc7 54. Ka6 Qb6# 0-1

[Event "DVM U10 2014"]
[Site "Magdeburg GER"]
[Date "2014.12.27"]
[Round "2"]
[White "Toval, David"]
[Black "Ruppert, Jeremy"]
[Result "1-0"]
[Termination "normal"]
[Board "6.2"]
[WhiteElo "1528"]
[BlackElo "1056"]
[WhiteTeam "SK Münster 32"]
[BlackTeam "SpVgg Rommelshausen"]
[PlyCount "69"]
[WhiteFideId "12992755"]
[EventCountry "GER"]
[EventRounds "7"]
[EventType "team-swiss"]
[EventDate "2014.12.27"]

1. e4 e5 2. Nf3 Nc6 3. Bb5 a6 4. Ba4 Nf6 5. O-O Nxe4 6. Re1 Nc5 7. Bxc6 dxc6 8.
Nxe5 Qh4 9. Nf3+ Qe7 10. Rxe7+ Bxe7 11. Nc3 Bg4 12. d3 Ne6 13. h3 Bh5 14. Bd2
Nd4 15. g4 Nxf3+ 16. Qxf3 Bg6 17. Re1 Rd8 18. Bg5 f6 19. Bxf6 gxf6 20. Qxf6 Kd7
21. Rxe7+ Kc8 22. Qf4 Rd6 23. Ne4 Bxe4 24. Qxe4 Rdd8 25. Rxh7 Rhe8 26. Re7 Rh8
27. Qe5 Rd7 28. Qxh8+ Rd8 29. Re8 Kb8 30. Rxd8+ Ka7 31. Rc8 c5 32. Rxc7 c4 33.
Qd4+ Kb8 34. Qb6 cxd3 35. Qxb7# 1-0

[Event "DVM U10 2014"]
[Site "Magdeburg GER"]
[Date "2014.12.27"]
[Round "2"]
[White "Raichle, Simon"]
[Black "Schröder, Lennart"]
[Result "0-1"]
[Termination "normal"]
[Board "6.3"]
[WhiteElo "1028"]
[BlackElo "1188"]
[WhiteTeam "SpVgg Rommelshausen"]
[BlackTeam "SK Münster 32"]
[PlyCount "66"]
[BlackFideId "16222490"]
[EventCountry "GER"]
[EventRounds "7"]
[EventType "team-swiss"]
[EventDate "2014.12.27"]

1. e4 e6 2. Nf3 d5 3. e5 c5 4. Bb5+ Bd7 5. Nc3 d4 6. Bxd7+ Nxd7 7. Ne4 g6 8. d3
Bg7 9. Bg5 Qc7 10. O-O Nxe5 11. Bf4 Nxf3+ 12. Qxf3 e5 13. Bg5 f5 14. Nd2 h6 15.
Bh4 g5 16. Bg3 f4 17. Bxf4 gxf4 18. Qh5+ Qf7 19. Qf3 O-O-O 20. c3 Kb8 21. cxd4
cxd4 22. Nc4 Ne7 23. Rac1 Qd5 24. Qd1 Nf5 25. g3 Bf6 26. Qh5 Nh4 27. gxh4 Rdg8+
28. Qg5 Bxg5 29. Rfe1 Bxh4+ 30. Kf1 Qg2+ 31. Ke2 f3+ 32. Kd1 Qxf2 33. Rh1 Qe2#
0-1

[Event "DVM U10 2014"]
[Site "Magdeburg GER"]
[Date "2014.12.27"]
[Round "2"]
[White "Van Lindt, Raffael"]
[Black "Kohleisen, Konstantin"]
[Result "1-0"]
[Termination "normal"]
[Board "6.4"]
[WhiteElo "1061"]
[BlackElo "918"]
[WhiteTeam "SK Münster 32"]
[BlackTeam "SpVgg Rommelshausen"]
[PlyCount "91"]
[WhiteFideId "12998834"]
[EventCountry "GER"]
[EventRounds "7"]
[EventType "team-swiss"]
[EventDate "2014.12.27"]

1. e4 e5 2. Nf3 Nc6 3. Bc4 Nf6 4. Nc3 Bc5 5. d3 Ng4 6. O-O Qf6 7. Nd5 Qd6 8.
Bg5 Bd4 9. Nxd4 exd4 10. Qxg4 Ne5 11. Qf4 c6 12. Be7 Qb8 13. Nb4 Kxe7 14. Qg5+
f6 15. Qxg7+ Kd8 16. Qxh8+ Kc7 17. Qxf6 Kb6 18. f4 Ng4 19. Qxd4+ Ka5 20. h3 Nh6
21. Qc5+ b5 22. Qf8 d6 23. Qxh6 Bd7 24. Qxh7 Kxb4 25. Qxd7 bxc4 26. Qxc6 Qb6+
27. Qxb6+ axb6 28. dxc4 Kxc4 29. f5 Kd4 30. f6 Kxe4 31. f7 Rf8 32. a4 Ke5 33.
a5 bxa5 34. Rxa5+ Ke6 35. b4 Rxf7 36. Rxf7 Kxf7 37. b5 Ke7 38. b6 Kd7 39. b7
Kc7 40. Rb5 Kb8 41. g4 d5 42. g5 d4 43. g6 d3 44. g7 dxc2 45. g8=Q+ Ka7 46.
Qa8# 1-0

[Event "DVM U10 2014"]
[Site "Magdeburg GER"]
[Date "2014.12.27"]
[Round "2"]
[White "Kazuch, Vincent"]
[Black "ter Stal, Lars"]
[Result "0-1"]
[Termination "normal"]
[Board "7.1"]
[WhiteElo "1690"]
[BlackElo "1186"]
[WhiteTeam "SV Empor Erfurt"]
[BlackTeam "SK Nordhorn-Blanke"]
[PlyCount "52"]
[WhiteFideId "12971480"]
[BlackFideId "12965200"]
[EventCountry "GER"]
[EventRounds "7"]
[EventType "team-swiss"]
[EventDate "2014.12.27"]

1. e4 e6 2. d4 d5 3. Nc3 Bb4 4. exd5 exd5 5. Bd3 c5 6. dxc5 Bxc5 7. Bb5+ Bd7 8.
Bxd7+ Nxd7 9. Nxd5 Nb6 10. Nxb6 Qxd1+ 11. Kxd1 Bxb6 12. Ke1 Nf6 13. f3 O-O 14.
Bd2 Rfe8+ 15. Kf1 Rad8 16. Bg5 Rd6 17. Re1 Red8 18. Ne2 Rd1 19. Bxf6 gxf6 20.
g3 R8d2 21. Rxd1 Rxd1+ 22. Kg2 Rd2 23. Re1 Rxc2 24. Kh3 Bf2 25. Nd4 Bxd4 26.
Kg4 Rxh2 0-1

[Event "DVM U10 2014"]
[Site "Magdeburg GER"]
[Date "2014.12.27"]
[Round "2"]
[White "Rudi, Jonathan"]
[Black "Schneider, Konstantin"]
[Result "0-1"]
[Termination "normal"]
[Board "7.2"]
[WhiteElo "1107"]
[BlackElo "1216"]
[WhiteTeam "SK Nordhorn-Blanke"]
[BlackTeam "SV Empor Erfurt"]
[PlyCount "58"]
[WhiteFideId "16241827"]
[EventCountry "GER"]
[EventRounds "7"]
[EventType "team-swiss"]
[EventDate "2014.12.27"]

1. e4 e5 2. Nf3 Nc6 3. Bc4 Nf6 4. Nc3 Bc5 5. d3 d6 6. Be3 Bb6 7. O-O Bg4 8. h3
Bh5 9. Na4 Bd4 10. Nc3 Qd7 11. Bb5 a6 12. Ba4 b5 13. Bb3 b4 14. Nd5 Nxd5 15.
Bxd5 Bxb2 16. Rb1 Bc3 17. Rb3 Rb8 18. a3 Nd4 19. Bxd4 exd4 20. Re1 Bxe1 21.
Qxe1 Bxf3 22. gxf3 Qxh3 23. Qd2 O-O 24. axb4 Qxf3 25. Ra3 Rfe8 26. Rxa6 Re5 27.
Ra5 Rbe8 28. Kf1 Rh5 29. Bxf7+ Qxf7 0-1

[Event "DVM U10 2014"]
[Site "Magdeburg GER"]
[Date "2014.12.27"]
[Round "2"]
[White "Rajchel, Arian"]
[Black "Meijerink, Inken"]
[Result "0-1"]
[Termination "normal"]
[Board "7.3"]
[WhiteElo "1149"]
[BlackElo "924"]
[WhiteTeam "SV Empor Erfurt"]
[BlackTeam "SK Nordhorn-Blanke"]
[PlyCount "56"]
[BlackFideId "16225465"]
[EventCountry "GER"]
[EventRounds "7"]
[EventType "team-swiss"]
[EventDate "2014.12.27"]

1. e4 e5 2. Nf3 Nc6 3. Bc4 Bc5 4. d3 Nf6 5. Nc3 d6 6. Be3 Bxe3 7. fxe3 Bg4 8.
Qd2 Qe7 9. O-O-O O-O 10. h3 Be6 11. Bb3 Nb4 12. Kb1 Bxb3 13. axb3 a5 14. g4 Qe6
15. Rde1 a4 16. g5 Nh5 17. d4 axb3 18. cxb3 Qxb3 19. Qd1 Qc4 20. Qe2 Qxe2 21.
Rxe2 Ng3 22. Rg1 Nxe2 23. Nxe2 Ra7 24. dxe5 dxe5 25. Nxe5 Rfa8 26. b3 Ra2 27.
Rg2 Rd8 28. Nf4 Rd1# 0-1

[Event "DVM U10 2014"]
[Site "Magdeburg GER"]
[Date "2014.12.27"]
[Round "2"]
[White "Wolterink, Insa"]
[Black "Reuter, Elisa"]
[Result "0-1"]
[Termination "normal"]
[Board "7.4"]
[WhiteElo "865"]
[BlackElo "1085"]
[WhiteTeam "SK Nordhorn-Blanke"]
[BlackTeam "SV Empor Erfurt"]
[PlyCount "56"]
[WhiteFideId "16235266"]
[BlackFideId "12995444"]
[EventCountry "GER"]
[EventRounds "7"]
[EventType "team-swiss"]
[EventDate "2014.12.27"]

1. e4 e5 2. Nf3 Nc6 3. Nc3 Bc5 4. Bb5 a6 5. Ba4 Nf6 6. d3 O-O 7. Bg5 h6 8. Bxh6
gxh6 9. O-O d6 10. Qd2 Kh7 11. a3 Rg8 12. b4 Bb6 13. h3 Bxh3 14. Kh2 Bxg2 15.
Rg1 Bxf3 16. Rxg8 Qxg8 17. Rg1 Qf8 18. Rg3 Bh5 19. Rh3 Qg7 20. Qe1 Ng4+ 21. Kg3
Bxf2+ 22. Qxf2 Nxf2+ 23. Kxf2 Qf6+ 24. Kg2 Rg8+ 25. Kh2 Qf4+ 26. Kh1 Bf3+ 27.
Rxf3 Qxf3+ 28. Kh2 Qg2# 0-1

[Event "DVM U10 2014"]
[Site "Magdeburg GER"]
[Date "2014.12.27"]
[Round "2"]
[White "Kittelmann, Anton"]
[Black "Hoffmann, Simon"]
[Result "0-1"]
[Termination "normal"]
[Board "8.1"]
[WhiteElo "1017"]
[BlackElo "1344"]
[WhiteTeam "SG Blau-Weiß Stadtilm 1"]
[BlackTeam "USC Magdeburg"]
[PlyCount "78"]
[BlackFideId "12979686"]
[EventCountry "GER"]
[EventRounds "7"]
[EventType "team-swiss"]
[EventDate "2014.12.27"]

1. e4 e5 2. Bc4 Nf6 3. Nc3 Nc6 4. Nf3 Bc5 5. d3 h6 6. Be3 Bb6 7. Qd2 d6 8.
O-O-O Bg4 9. h3 Bxf3 10. gxf3 Nd4 11. Bxd4 Bxd4 12. Rdg1 Rg8 13. Nb5 Bb6 14.
Re1 a6 15. Nc3 Qd7 16. Na4 Qxa4 17. f4 Qd7 18. fxe5 dxe5 19. f4 exf4 20. Qxf4
O-O-O 21. e5 Nd5 22. Qe4 Rge8 23. Re2 f5 24. Qf3 Bd4 25. Rhe1 Nb6 26. e6 Qc6
27. Qxc6 bxc6 28. Bxa6+ Kb8 29. e7 Rd7 30. Re6 Ka7 31. Bc4 Nxc4 32. dxc4 Rd6
33. Rxd6 cxd6 34. Rd1 Be5 35. b4 Rxe7 36. Kd2 Kb6 37. Ke3 Ra7 38. Rd2 g5 39. c3
Bf4+ 0-1

[Event "DVM U10 2014"]
[Site "Magdeburg GER"]
[Date "2014.12.27"]
[Round "2"]
[White "Khanbekyan, Areg"]
[Black "Pflugradt, Natalie"]
[Result "1/2-1/2"]
[Termination "normal"]
[Board "8.2"]
[WhiteElo "1095"]
[BlackElo "1025"]
[WhiteTeam "USC Magdeburg"]
[BlackTeam "SG Blau-Weiß Stadtilm 1"]
[PlyCount "87"]
[WhiteFideId "12993727"]
[BlackFideId "16212444"]
[EventCountry "GER"]
[EventRounds "7"]
[EventType "team-swiss"]
[EventDate "2014.12.27"]

1. e4 e5 2. Nf3 Nc6 3. d4 exd4 4. Nxd4 Bc5 5. Be3 Qf6 6. c3 Nge7 7. Bc4 d6 8.
O-O O-O 9. Nxc6 Nxc6 10. Nd2 Be6 11. Qc2 h6 12. Rad1 Rfd8 13. Rfe1 Qg6 14. Bxe6
Qxe6 15. Qb3 Qxb3 16. Nxb3 Bb6 17. h3 Rf8 18. Bd4 Bxd4 19. Nxd4 Ne7 20. Nf3 Ng6
21. e5 dxe5 22. Nxe5 Nxe5 23. Rxe5 Rad8 24. Red5 Rxd5 25. Rxd5 Re8 26. Kf1 Rb8
27. Ke2 c6 28. Rd7 Kf8 29. Kd3 Ke8 30. Rc7 Rd8+ 31. Ke3 Rd7 32. Rxd7 Kxd7 33.
f3 Ke6 34. Ke4 f5+ 35. Kf4 g5+ 36. Ke3 Ke5 37. g3 f4+ 38. gxf4+ gxf4+ 39. Kd3
Kf5 40. h4 Kg6 41. Ke4 Kh5 42. Kxf4 Kxh4 43. Ke5 h5 44. f4 1/2-1/2

[Event "DVM U10 2014"]
[Site "Magdeburg GER"]
[Date "2014.12.27"]
[Round "2"]
[White "Werner, Linus"]
[Black "Hoffmann, Siegfried"]
[Result "0-1"]
[Termination "normal"]
[Board "8.3"]
[WhiteElo "1104"]
[BlackElo "1231"]
[WhiteTeam "SG Blau-Weiß Stadtilm 1"]
[BlackTeam "USC Magdeburg"]
[PlyCount "51"]
[BlackFideId "16252268"]
[EventCountry "GER"]
[EventRounds "7"]
[EventType "team-swiss"]
[EventDate "2014.12.27"]

1. d4 d5 2. g3 Nc6 3. Bg2 Nf6 4. e3 Bf5 5. Ne2 e6 6. O-O Bd6 7. b3 h5 8. Ba3
Qe7 9. Bxd6 Qxd6 10. h3 h4 11. g4 Nxg4 12. Nf4 Nf6 13. Bf3 g5 14. Ng2 Bxh3 15.
c4 Bf5 16. c5 Qe7 17. Nd2 Bg4 18. Be2 h3 19. Ne1 e5 20. Kh2 exd4 21. exd4 Nxd4
22. Nb1 Qxe2 23. Nd2 Qe5+ 24. f4 Qe2+ 25. Qxe2+ Nxe2 26. Rf2 0-1

[Event "DVM U10 2014"]
[Site "Magdeburg GER"]
[Date "2014.12.27"]
[Round "2"]
[White "Pikalow, Michael"]
[Black "Schmidt, Pauline"]
[Result "0-1"]
[Termination "normal"]
[Board "8.4"]
[WhiteElo "970"]
[BlackElo "867"]
[WhiteTeam "USC Magdeburg"]
[BlackTeam "SG Blau-Weiß Stadtilm 1"]
[PlyCount "65"]
[WhiteFideId "16227638"]
[BlackFideId "16209850"]
[EventCountry "GER"]
[EventRounds "7"]
[EventType "team-swiss"]
[EventDate "2014.12.27"]

1. e4 e5 2. Nf3 Nc6 3. Nc3 Nf6 4. d3 h6 5. Be3 Be7 6. Nd5 Nxd5 7. exd5 Nb4 8.
c3 Nxd5 9. Nxe5 d6 10. Nf3 Be6 11. c4 Nb6 12. b3 Qd7 13. d4 O-O-O 14. d5 Bf5
15. Bxb6 axb6 16. Bd3 Rde8 17. O-O g5 18. Nd4 Bxd3 19. Qxd3 Bf6 20. Rad1 h5 21.
f4 g4 22. g3 h4 23. Nf5 hxg3 24. Nxg3 Rh3 25. Kf2 Rxh2+ 26. Kg1 Reh8 27. Rde1
R8h3 28. Re2 Rxe2 29. Qxe2 Rxg3+ 30. Kf2 Rf3+ 31. Kg2 Rxf1 32. Kxf1 g3 33. Kg2
{Rest nicht nachvollziehbar} 0-1

[Event "DVM U10 2014"]
[Site "Magdeburg GER"]
[Date "2014.12.27"]
[Round "2"]
[White "Krause, Marc"]
[Black "Glinzner, Alva"]
[Result "0-1"]
[Termination "normal"]
[Board "9.1"]
[WhiteElo "1313"]
[BlackElo "1060"]
[WhiteTeam "SC Empor Potsdam 1952"]
[BlackTeam "Lübecker SV von 1873 1"]
[PlyCount "92"]
[WhiteFideId "12985724"]
[BlackFideId "16206169"]
[EventCountry "GER"]
[EventRounds "7"]
[EventType "team-swiss"]
[EventDate "2014.12.27"]

1. d4 c6 2. c4 d5 3. Nc3 Nf6 4. Nf3 e6 5. Bf4 Bd6 6. Bg3 Bb4 7. a3 Bxc3+ 8.
bxc3 Ne4 9. Qc2 Qa5 10. Nd2 Qxc3 11. Qxc3 Nxc3 12. f3 Na4 13. e4 Nb6 14. Bc7
Kd7 15. Bxb6 axb6 16. cxd5 exd5 17. exd5 Re8+ 18. Kf2 cxd5 19. Bb5+ Nc6 20.
Rhc1 Ra5 21. a4 Kd6 22. Nb3 Ra8 23. a5 bxa5 24. Nxa5 Re6 25. Bxc6 bxc6 26.
Rxc6+ Kd7 27. Rxe6 Kxe6 28. Nb3 Rxa1 29. Nxa1 Kd6 30. Nb3 Kc6 31. Ke3 f6 32.
Nc5 Kd6 33. Nd3 g5 34. h3 h5 35. g4 h4 36. Nb4 f5 37. f4 fxg4 38. hxg4 h3 39.
Nd3 h2 40. Nf2 Bxg4 41. fxg5 Ke6 42. Kf4 Bf5 43. Nh1 Be4 44. Nf2 h1=Q 45. Nxh1
Bxh1 46. g6 Kf6 0-1

[Event "DVM U10 2014"]
[Site "Magdeburg GER"]
[Date "2014.12.27"]
[Round "2"]
[White "Paulsen, Niels-Martin"]
[Black "Gericke, Luis"]
[Result "1/2-1/2"]
[Termination "normal"]
[Board "9.2"]
[WhiteElo "1090"]
[BlackElo "1361"]
[WhiteTeam "Lübecker SV von 1873 1"]
[BlackTeam "SC Empor Potsdam 1952"]
[PlyCount "50"]
[WhiteFideId "16214994"]
[BlackFideId "16212525"]
[EventCountry "GER"]
[EventRounds "7"]
[EventType "team-swiss"]
[EventDate "2014.12.27"]

1. e4 e5 2. Nf3 Nc6 3. Bb5 a6 4. Ba4 Nf6 5. d3 d6 6. Bg5 Be7 7. O-O O-O 8. Nc3
Bg4 9. Nb1 h6 10. Bxf6 Bxf6 11. Nbd2 b5 12. Bb3 Ne7 13. c4 bxc4 14. Bxc4 d5 15.
exd5 Nxd5 16. Re1 Re8 17. Qb3 Rb8 18. Qc2 a5 19. d4 Qd6 20. Qe4 Bxf3 21. Nxf3
Nb6 22. d5 Nxc4 23. Qxc4 Rxb2 24. Rab1 Rxb1 25. Rxb1 e4 1/2-1/2

[Event "DVM U10 2014"]
[Site "Magdeburg GER"]
[Date "2014.12.27"]
[Round "2"]
[White "Knape, Albert"]
[Black "Silini, Jalel"]
[Result "1-0"]
[Termination "normal"]
[Board "9.3"]
[WhiteElo "1072"]
[BlackElo "876"]
[WhiteTeam "SC Empor Potsdam 1952"]
[BlackTeam "Lübecker SV von 1873 1"]
[PlyCount "105"]
[WhiteFideId "16208919"]
[BlackFideId "16215397"]
[EventCountry "GER"]
[EventRounds "7"]
[EventType "team-swiss"]
[EventDate "2014.12.27"]

1. e4 e5 2. Nf3 Nc6 3. Bc4 Bc5 4. Nc3 Nf6 5. d3 d6 6. Bg5 Be6 7. Nd5 Bxd5 8.
Bxd5 h6 9. Bxc6+ bxc6 10. Be3 Bb6 11. c3 d5 12. exd5 Qxd5 13. O-O Rd8 14. d4
exd4 15. Bxd4 O-O 16. Bxf6 Qxd1 17. Raxd1 Rxd1 18. Rxd1 gxf6 19. Nd4 c5 20. Nf5
Kh7 21. g4 Re8 22. Kf1 Re4 23. h3 Re5 24. c4 h5 25. f3 hxg4 26. hxg4 Kg6 27.
Kf2 Re8 28. Rd7 Rh8 29. Kg2 Re8 30. Rd2 Ba5 31. Rc2 Rh8 32. b3 Kg5 33. a3 Kf4
34. Re2 Kg5 35. Rc2 Kf4 36. Rc1 Bd2 37. Rd1 Ba5 38. Rd5 Bb6 39. b4 cxb4 40.
axb4 Be3 41. Rd7 c5 42. b5 Ra8 43. Rxf7 Bd4 44. Rd7 Bc3 45. Rc7 Bb4 46. Rc6 Rf8
47. Ra6 Rf7 48. b6 axb6 49. Rxb6 Ba5 50. Re6 Bb4 51. Re4+ Kg5 52. f4+ Kxg4 53.
Nh6+ 1-0

[Event "DVM U10 2014"]
[Site "Magdeburg GER"]
[Date "2014.12.27"]
[Round "2"]
[White "Senechal, Niklas Bennett"]
[Black "Sinka, Silas"]
[Result "1-0"]
[Termination "normal"]
[Board "9.4"]
[WhiteElo "757"]
[BlackElo "1017"]
[WhiteTeam "Lübecker SV von 1873 1"]
[BlackTeam "SC Empor Potsdam 1952"]
[PlyCount "35"]
[WhiteFideId "16231180"]
[BlackFideId "16265823"]
[EventCountry "GER"]
[EventRounds "7"]
[EventType "team-swiss"]
[EventDate "2014.12.27"]

1. e4 d6 2. d4 Nf6 3. Nc3 g6 4. Bg5 Bg7 5. Nf3 O-O 6. Bc4 c6 7. O-O Qc7 8. Qd2
d5 9. Bd3 Ng4 10. h3 Nf6 11. Bh6 Bxh6 12. Qxh6 Rd8 13. Ng5 Bd7 14. e5 Be8 15.
exf6 exf6 16. Qxh7+ Kf8 17. Rfe1 fxg5 18. Qh8# 1-0

[Event "DVM U10 2014"]
[Site "Magdeburg GER"]
[Date "2014.12.27"]
[Round "2"]
[White "Diderle, Konstantin"]
[Black "Gärtner, Martin"]
[Result "1-0"]
[Termination "normal"]
[Board "10.1"]
[WhiteElo "1486"]
[BlackElo "808"]
[WhiteTeam "Peiner SV"]
[BlackTeam "USV Volksbank Halle"]
[PlyCount "69"]
[WhiteFideId "12965197"]
[EventCountry "GER"]
[EventRounds "7"]
[EventType "team-swiss"]
[EventDate "2014.12.27"]

1. e4 e5 2. Nf3 Nc6 3. Bc4 Nf6 4. Nc3 Bc5 5. d3 h6 6. Be3 Nd4 7. Nxe5 Rf8 8.
Ne2 Nxe2 9. Qxe2 d6 10. Bxc5 dxc5 11. f4 Be6 12. Bxe6 fxe6 13. Qf2 b6 14. Qg3
Nh5 15. Qg6+ Ke7 16. Nc6+ Kd7 17. Nxd8 Raxd8 18. Qxh5 Rxf4 19. O-O-O Kc8 20.
Rhf1 Rxf1 21. Rxf1 Kb7 22. Rf7 Rc8 23. Rxg7 Rd8 24. Qf7 Rc8 25. Qxe6 a5 26.
Qd5+ Ka7 27. Qc6 Ka6 28. Rxc7 Rxc7 29. Qxc7 h5 30. a4 b5 31. Qc6+ Ka7 32. axb5
Kb8 33. b6 c4 34. Qc7+ Ka8 35. Qa7# 1-0

[Event "DVM U10 2014"]
[Site "Magdeburg GER"]
[Date "2014.12.27"]
[Round "2"]
[White "Rissel, Silas"]
[Black "Miszori, Yannick"]
[Result "0-1"]
[Termination "normal"]
[Board "10.2"]
[WhiteElo "1019"]
[BlackElo "1219"]
[WhiteTeam "USV Volksbank Halle"]
[BlackTeam "Peiner SV"]
[PlyCount "25"]
[BlackFideId "16214560"]
[EventCountry "GER"]
[EventRounds "7"]
[EventType "team-swiss"]
[EventDate "2014.12.27"]

1. e4 d6 2. Bc4 Nd7 3. Nf3 Ngf6 4. Nc3 c5 5. d3 a6 6. O-O e6 7. Bg5 b5 8. Bb3
Be7 9. Bxf6 Bxf6 10. Qd2 Nb6 11. h3 O-O 12. Ne2 Bb7 13. Rab1 {Rest nicht
nachvollziehbar} *

[Event "DVM U10 2014"]
[Site "Magdeburg GER"]
[Date "2014.12.27"]
[Round "2"]
[White "Gärtner, Uta"]
[Black "Post, Patrick"]
[Result "0-1"]
[Termination "normal"]
[Board "10.4"]
[WhiteElo "810"]
[BlackElo "835"]
[WhiteTeam "USV Volksbank Halle"]
[BlackTeam "Peiner SV"]
[PlyCount "54"]
[EventCountry "GER"]
[EventRounds "7"]
[EventType "team-swiss"]
[EventDate "2014.12.27"]

1. e4 e5 2. Nf3 Nc6 3. Bc4 Nf6 4. Nc3 Bc5 5. d3 Ng4 6. O-O d6 7. Bg5 Nf6 8. Nd5
h6 9. Bh4 O-O 10. Nxf6+ gxf6 11. c3 a6 12. h3 Kh8 13. Nd2 Rg8 14. Qh5 Kh7 15.
Qxf7+ Rg7 16. Qh5 Bxh3 17. Bg3 Bg4 18. Qh4 b5 19. Bd5 Qd7 20. Qxf6 Rg6 21. Qh4
Rg5 22. Kh1 Rh5 23. f3 Rxh4+ 24. Bxh4 Be6 25. Bb3 Be3 26. Nb1 Bh3 27. gxh3
Qxh3# 0-1

[Event "DVM U10 2014"]
[Site "Magdeburg GER"]
[Date "2014.12.27"]
[Round "2"]
[White "Högner, Tom"]
[Black "Prieb, Robert"]
[Result "1-0"]
[Termination "normal"]
[Board "11.1"]
[WhiteElo "1072"]
[BlackElo "1396"]
[WhiteTeam "SC Erlangen 48/88"]
[BlackTeam "SK Blauer Springer Paderborn 1"]
[PlyCount "89"]
[WhiteFideId "12995436"]
[BlackFideId "16212002"]
[EventCountry "GER"]
[EventRounds "7"]
[EventType "team-swiss"]
[EventDate "2014.12.27"]

1. e4 e5 2. Nf3 Nf6 3. Nxe5 d6 4. Nf3 Nxe4 5. Nc3 Nxc3 6. dxc3 Be7 7. Qd4 O-O
8. Be3 Nc6 9. Qd2 Bg4 10. Be2 Qd7 11. O-O-O Rfb8 12. h3 Bxf3 13. gxf3 b5 14.
Rhg1 Qxh3 15. Qd3 Qd7 16. Rh1 g6 17. Rh2 f5 18. Rdh1 Bf6 19. Qd5+ Qf7 20. Qxc6
Qxa2 21. Rxh7 Qa1+ 22. Kd2 Qxb2 23. Qxc7 Qa2 24. Bd4 Bg5+ 25. Kd3 Qc4+ 26.
Qxc4+ bxc4+ 27. Kxc4 Bd8 28. Rh8+ Kf7 29. R1h7+ Ke6 30. Rxa7 d5+ 31. Kd3 Rxa7
32. Bxa7 Ra8 33. Bb6 Kd7 34. Bxd8 Rxd8 35. Rxd8+ Kxd8 36. Kd4 Ke7 37. Kxd5 Kd7
38. Bb5+ Ke7 39. c4 g5 40. c5 Kd8 41. Ke5 g4 42. fxg4 fxg4 43. Kf4 -- 44. Kxg4
Kc7 45. f4 {Rest nicht nachvollziehbar} 1-0

[Event "DVM U10 2014"]
[Site "Magdeburg GER"]
[Date "2014.12.27"]
[Round "2"]
[White "Meier, Silas"]
[Black "Hetzner, Hannes"]
[Result "1-0"]
[Termination "normal"]
[Board "11.2"]
[WhiteElo "1278"]
[BlackElo "969"]
[WhiteTeam "SK Blauer Springer Paderborn 1"]
[BlackTeam "SC Erlangen 48/88"]
[PlyCount "103"]
[WhiteFideId "16210662"]
[BlackFideId "16211936"]
[EventCountry "GER"]
[EventRounds "7"]
[EventType "team-swiss"]
[EventDate "2014.12.27"]

1. d4 d5 2. Nf3 Nf6 3. Bf4 Nc6 4. e3 Bg4 5. c3 e6 6. Bb5 Bd6 7. Bg3 O-O 8. Nbd2
Re8 9. Qa4 Qd7 10. Bxd6 Qxd6 11. Ne5 Nxe5 12. dxe5 Qxe5 13. Bxe8 Nxe8 14. Qxg4
Nf6 15. Qf4 Qxf4 16. exf4 c5 17. O-O d4 18. Rac1 Nd5 19. g3 f6 20. Rfe1 Re8 21.
cxd4 cxd4 22. Rc5 Kf7 23. a3 Re7 24. Re4 d3 25. Rd4 b6 26. Rc1 Rc7 27. Rxc7+
Nxc7 28. Rd7+ Kf8 29. Rxc7 a6 30. Rc6 e5 31. fxe5 fxe5 32. Rxb6 a5 33. Rb5 a4
34. Rd5 Kf7 35. Kg2 Kf6 36. Ra5 Ke6 37. Kf3 Kf6 38. Ke4 Ke6 39. Ra6+ Kf7 40.
Kxe5 g6 41. Ra7+ Kg8 42. Kf6 h6 43. Kxg6 Kf8 44. Rb7 Ke8 45. Kf6 Kd8 46. Ke6
Kc8 47. Rh7 Kd8 48. Rg7 Kc8 49. Kd6 Kb8 50. Kc6 Ka8 51. Kb6 Kb8 52. Rg8# 1-0